| 000 | 00447nam a2200181Ia 4500 | ||
|---|---|---|---|
| 008 | 170918s9999 xx 000 0 und d | ||
| 020 | _a34911725X | ||
| 050 | _bS642fu 2013 | ||
| 100 | _aSmith, Alexander M. | ||
| 245 | 4 | _aThe full cupboard of life / | |
| 245 | _cby Alexander M. Smith. | ||
| 260 | _aGreat Britain : | ||
| 260 | _bAbacus Book, | ||
| 260 | _c2013 | ||
| 300 | _a212 pages : | ||
| 300 | _billustrations ; | ||
| 300 | _c19cm. | ||
| 999 |
_c343986 _d343986 |
||